Loading...
Principles of economics
| Main Author: | |
|---|---|
| Format: | Printed Book |
| Edition: | 31st |
| Subjects: |
| LEADER | 00397nam a22001337a 4500 | ||
|---|---|---|---|
| 082 | |a 330 |b SET/P | ||
| 100 | |a Seth,M.L | ||
| 245 | |a Principles of economics | ||
| 250 | |a 31st | ||
| 300 | |a 711p. | ||
| 650 | |a Economics | ||
| 942 | |c BK | ||
| 999 | |c 43178 |d 43178 | ||
| 952 | |0 0 |1 0 |4 0 |6 330_000000000000000_SETP |7 0 |8 Stack |9 47113 |a KUCL |b KUCL |c Stack |d 2017-01-03 |l 3 |m 2 |o 330 SET/P |p G1832 |r 2020-10-19 |s 2020-06-08 |w 2017-01-03 |y BK | ||